[Event "Skopje op"]
[Site "Skopje"]
[Date "2023.12.10"]
[Round "7"]
[White "Tadic, Stefan"]
[Black "Cilek, Bora"]
[Result "1-0"]
[WhiteElo "2386"]
[BlackElo "2246"]
[PlyCount "61"]
[EventDate "2023.12.06"]
[EventType "swiss"]
[EventRounds "9"]
[EventCountry "MKD"]
[SourceTitle "CB50_2023"]
[SourceDate "2023.12.13"]
[SourceVersion "1"]
[SourceVersionDate "2023.12.13"]
[SourceQuality "1"]

1. e4 c5 2. Nf3 g6 3. c3 d5 4. e5 Nc6 5. d4 cxd4 6. cxd4 Bg4 7. Bb5 Qb6 8. Nc3 e6 9. Be3 Nge7 10. 0-0 Bg7 11. h3 Bxf3 12. Qxf3 0-0 13. Rad1 a6 14. Bxc6 Nxc6 15. Na4 Qb4 16. Nc5 Qxb2 17. Nd7 Qxa2 18. Nf6+ Kh8 19. Qf4 Qc2 20. Qh4 g5 21. Bxg5 Qg6 22. f4 h6 23. Ng4 Qh7 24. Nxh6 Bxh6 25. Bxh6 Rfe8 26. f5 exf5 27. Qf6+ Kg8 28. Rxf5 Ne7 29. Rdf1 Ng6 30. Qg5 Re7 31. h4 1-0

[Event "Skopje op"]
[Site "Skopje"]
[Date "2023.12.06"]
[Round "1"]
[White "Annaberdiev, Meilis"]
[Black "Cilek, Bora"]
[Result "1-0"]
[WhiteElo "2458"]
[BlackElo "2246"]
[PlyCount "111"]
[EventDate "2023.12.06"]
[EventType "swiss"]
[EventRounds "9"]
[EventCountry "MKD"]
[SourceTitle "CB50_2023"]
[SourceDate "2023.12.13"]
[SourceVersion "1"]
[SourceVersionDate "2023.12.13"]
[SourceQuality "1"]

1. e4 c5 2. Nf3 Nc6 3. Bb5 g6 4. 0-0 Bg7 5. c3 Nf6 6. Re1 0-0 7. d4 d5 8. e5 Ne4 9. Bxc6 bxc6 10. Be3 cxd4 11. cxd4 Qb6 12. Qc1 a5 13. Nc3 Nxc3 14. Qxc3 a4 15. Nd2 Bf5 16. Rec1 Rfb8 17. b3 axb3 18. Nxb3 Ra3 19. h3 h5 20. Qd2 Qa7 21. Nc5 Ra8 22. Qb2 Bf8 23. Rd1 e6 24. Rd2 Rb8 25. Qc1 Rb5 26. Rb2 Be7 27. Rxb5 cxb5 28. Bg5 Bf8 29. Qb2 Bd3 30. Bc1 b4 31. Qd2 Bxc5 32. Bxa3 Bxd4 33. Bb2 Bxb2 34. Qxb2 Qa5 35. a3 bxa3 36. Rxa3 Qe1+ 37. Kh2 Qe4 38. Qd2 Bf1 39. Ra8+ Kg7 40. Qg5 Qf5 41. Qd8 Kh6 42. Qf8+ Kg5 43. Qe7+ Kf4 44. Rf8 Ke4 45. Rxf7 Qxe5+ 46. f4 Qd4 47. Qxe6+ Kd3 48. Qxg6+ Kd2 49. Qxh5 Qe4 50. Qg5 d4 51. Re7 Qa8 52. f5+ Kd1 53. Qg4+ Kc2 54. Rc7+ Kd3 55. Qd1+ Ke3 56. Re7+ 1-0

[Event "Titled Tuesday intern op 24th Oct Late"]
[Site "Chess.com INT"]
[Date "2023.10.24"]
[Round "2"]
[White "Cilek, Bora"]
[Black "Willy, Stephen"]
[Result "1-0"]
[WhiteElo "2224"]
[BlackElo "2072"]
[PlyCount "33"]
[EventDate "2023.10.24"]
[EventType "swiss (blitz)"]
[EventRounds "11"]
[EventCountry "USA"]
[SourceTitle "Mega2024 Update 01"]
[Source "Chessbase"]
[SourceDate "2023.11.12"]
[SourceVersion "1"]
[SourceVersionDate "2023.11.12"]
[SourceQuality "1"]

1. d4 c5 2. d5 d6 3. e4 e5 4. Nc3 g6 5. Be2 Bg7 6. Nf3 Ne7 7. 0-0 f5 8. exf5 gxf5 9. Ng5 Ng6 10. Bh5 0-0 11. Qd3 e4 12. Qh3 f4 13. Ne6 Qf6 14. Nxe4 Qe5 15. Bxg6 hxg6 16. N4g5 Rf5 17. Qh7# 1-0

[Event "Ankara Baskent Univ op 6th"]
[Site "Ankara"]
[Date "2023.08.18"]
[Round "6"]
[White "Asgari, Morteza"]
[Black "Cilek, Bora"]
[Result "1/2-1/2"]
[WhiteElo "2160"]
[BlackElo "2254"]
[PlyCount "221"]
[EventDate "2023.08.15"]
[EventType "swiss"]
[EventRounds "9"]
[EventCountry "TUR"]
[SourceTitle "CBM 215 Extra"]
[Source "ChessBase"]
[SourceDate "2023.09.30"]
[SourceVersion "1"]
[SourceVersionDate "2023.09.30"]
[SourceQuality "1"]

1. e4 c5 2. Nf3 Nc6 3. d4 cxd4 4. Nxd4 g6 5. c4 Nf6 6. Nc3 d6 7. Be2 Nxd4 8. Qxd4 Bg7 9. Be3 0-0 10. Qd3 a5 11. Bd4 a4 12. 0-0 Qa5 13. Rad1 Bd7 14. f4 Bc6 15. Kh1 Nd7 16. Bxg7 Kxg7 17. Nd5 Bxd5 18. exd5 Qb4 19. Qd4+ Kg8 20. h4 Rac8 21. h5 Qc5 22. Qe4 Rfe8 23. f5 Ne5 24. fxg6 hxg6 25. Rf4 f5 26. Qd4 Qxd4 27. Rdxd4 Kg7 28. hxg6 b5 29. b3 bxc4 30. Bxc4 axb3 31. axb3 Kxg6 32. Bd3 Rc1+ 33. Bf1 Rb1 34. b4 Rc8 35. Kh2 Kg5 36. b5 Rcc1 37. Be2 Rb2 38. Bf1 Ng4+ 39. Kg3 Ne3 40. Bd3 Rxg2+ 41. Kf3 Re1 42. b6 Rb2 43. b7 Rxb7 44. Kf2 Rh1 45. Kxe3 Re1+ 46. Kd2 Re5 47. Rf1 Ra7 48. Rdf4 Rxd5 49. Rxf5+ Rxf5 50. Rxf5+ Kg4 51. Ke3 Ra1 52. Rf7 Kg5 53. Rxe7 Kf6 54. Re4 d5 55. Rh4 Ke5 56. Rh5+ Kd6 57. Be2 Ra3+ 58. Kf2 Ra2 59. Kf1 Ra1+ 60. Kf2 Ra2 61. Ke3 Ra3+ 62. Kf4 Ra4+ 63. Kg3 Re4 64. Bf3 Re5 65. Rh1 d4 66. Rd1 Kc5 67. Kf4 Re8 68. Rc1+ Kb4 69. Be4 Kb3 70. Rc7 Rf8+ 71. Ke5 d3 72. Bxd3 Re8+ 73. Kd4 Rd8+ 74. Ke3 Kb4 75. Rc4+ Ka5 76. Kd2 Kb6 77. Kc3 Rd5 78. Rb4+ Kc5 79. Bc4 Rd1 80. Rb5+ Kd6 81. Rh5 Rg1 82. Bd3 Rg4 83. Kd2 Rf4 84. Ke3 Ra4 85. Be4 Ra1 86. Rd5+ Ke6 87. Rb5 Kd6 88. Bd3 Ra4 89. Kd2 Rh4 90. Kc3 Rg4 91. Bc4 Rg1 92. Kb4 Rb1+ 93. Bb3 Rc1 94. Rd5+ Ke7 95. Bc4 Re1 96. Rf5 Ra1 97. Rf4 Kd6 98. Re4 Rb1+ 99. Bb3 Kd7 100. Re2 Kd6 101. Re6+ Kd7 102. Rh6 Ke7 103. Kc3 Rf1 104. Kd4 Rg1 105. Bd5 Rg4+ 106. Kc5 Rg1 107. Re6+ Kd7 108. Rf6 Rc1+ 109. Bc4 Ke8 110. Kd5 Ke7 111. Ke4 1/2-1/2

[Event "Ankara Baskent Univ op 6th"]
[Site "Ankara"]
[Date "2023.08.18"]
[Round "5"]
[White "Cilek, Bora"]
[Black "Yungucu, Arda"]
[Result "1/2-1/2"]
[WhiteElo "2254"]
[BlackElo "2043"]
[PlyCount "71"]
[EventDate "2023.08.15"]
[EventType "swiss"]
[EventRounds "9"]
[EventCountry "TUR"]
[SourceTitle "CBM 215 Extra"]
[Source "ChessBase"]
[SourceDate "2023.09.30"]
[SourceVersion "1"]
[SourceVersionDate "2023.09.30"]
[SourceQuality "1"]

1. Nf3 Nf6 2. g3 g6 3. Bg2 Bg7 4. 0-0 0-0 5. d4 d6 6. c4 Nbd7 7. Nc3 e5 8. h3 Re8 9. e4 exd4 10. Nxd4 Nc5 11. Re1 a5 12. Ndb5 Be6 13. b3 Nfd7 14. Qc2 Ne5 15. Rd1 a4 16. Rb1 axb3 17. axb3 Nc6 18. Nd5 Bxd5 19. cxd5 Ra5 20. Nxc7 Nb4 21. Qd2 Qxc7 22. Qxb4 Nxe4 23. Be3 Qc3 24. Qxb7 Nxg3 25. Bd2 Ne2+ 26. Kf1 Qe5 27. Re1 Ra2 28. Qb4 Qf5 29. Rbd1 Qd3 30. Be3 Bc3 31. Qg4 h5 32. Qf3 Ng3+ 33. Kg1 Ne2+ 34. Kf1 Ng3+ 35. Kg1 Ne2+ 36. Kf1 1/2-1/2

[Event "Cesme op-A 9th"]
[Site "Cesme"]
[Date "2023.06.19"]
[Round "1"]
[White "Haznedaroglu, Kivanc"]
[Black "Cilek, Bora"]
[Result "1/2-1/2"]
[WhiteElo "2422"]
[BlackElo "2266"]
[PlyCount "120"]
[EventDate "2023.06.19"]
[EventType "swiss"]
[EventRounds "9"]
[EventCountry "TUR"]
[SourceTitle "CBM 214 Extra"]
[Source "ChessBase"]
[SourceDate "2023.07.31"]
[SourceVersion "1"]
[SourceVersionDate "2023.07.31"]
[SourceQuality "1"]

1. d4 Nf6 2. Nf3 d5 3. g3 Bf5 4. Bg2 e6 5. 0-0 h6 6. c4 c6 7. Nc3 Nbd7 8. Nd2 Be7 9. e4 dxe4 10. Ndxe4 0-0 11. Be3 Nxe4 12. Nxe4 Nf6 13. Nc3 Qa5 14. a3 Rad8 15. b4 Qc7 16. Qe2 a5 17. c5 axb4 18. axb4 e5 19. Rfd1 Bg4 20. Bf3 Bxf3 21. Qxf3 exd4 22. Rxd4 Rxd4 23. Bxd4 Rd8 24. Be3 Qe5 25. Bf4 Qf5 26. Qe2 Rd7 27. Rd1 Rxd1+ 28. Qxd1 Qe6 29. Qd4 Nd7 30. Qe4 Qxe4 31. Nxe4 f5 32. Nd2 Bf6 33. Nc4 Bc3 34. Bd2 Bxd2 35. Nxd2 Nb8 36. Nc4 Na6 37. Nd6 Nxb4 38. Nxb7 Kf7 39. f4 Ke6 40. Kf1 Na6 41. h3 g6 42. Nd8+ Kd5 43. Nf7 Nxc5 44. Nxh6 Ne4 45. g4 Nd6 46. h4 Ke4 47. h5 gxh5 48. gxh5 Kxf4 49. Ng8 Nf7 50. h6 c5 51. h7 Kg5 52. Ke2 Kg6 53. Ne7+ Kf6 54. Nd5+ Kg7 55. Ne3 Nd6 56. Kd3 c4+ 57. Kd4 f4 58. Nd5 f3 59. Ke3 Kxh7 60. Kxf3 Kg7 1/2-1/2

[Event "TUR-ch U20"]
[Site "Samsun"]
[Date "2023.05.24"]
[Round "8"]
[White "Zerey, Demhat"]
[Black "Cilek, Bora"]
[Result "0-1"]
[WhiteElo "1710"]
[BlackElo "2285"]
[PlyCount "134"]
[EventDate "2023.05.19"]
[EventType "swiss"]
[EventRounds "9"]
[EventCountry "TUR"]
[SourceTitle "CBM 214 Extra"]
[Source "ChessBase"]
[SourceDate "2023.07.31"]
[SourceVersion "1"]
[SourceVersionDate "2023.07.31"]
[SourceQuality "1"]

1. Nf3 Nf6 2. g3 d5 3. Bg2 Bf5 4. b3 e6 5. Bb2 Be7 6. 0-0 0-0 7. c4 Nbd7 8. d4 c6 9. Nc3 Ne4 10. Nxe4 Bxe4 11. Nd2 Bxg2 12. Kxg2 Nf6 13. Qc2 a5 14. e4 dxe4 15. Nxe4 Nxe4 16. Qxe4 a4 17. Rfd1 Bf6 18. Rd3 axb3 19. Rxb3 Qd7 20. Bc3 Ra4 21. Qd3 Rfa8 22. Rab1 R8a7 23. d5 Bxc3 24. Rxc3 g6 25. dxe6 Qxe6 26. Qd8+ Kg7 27. Qd4+ Qf6 28. Qxf6+ Kxf6 29. Rf3+ Kg7 30. Rfb3 Rxa2 31. Rxb7 Rxb7 32. Rxb7 Ra4 33. Kf3 Rxc4 34. h4 h5 35. Rc7 Kf6 36. Ke3 Rc2 37. Kf3 Ke6 38. Ke3 Rc5 39. Kd4 Rc2 40. Ke3 c5 41. Kf3 f6 42. Kg2 Rc3 43. Rc6+ Ke5 44. Kh2 Rc4 45. Kg2 Rc2 46. Kf3 Rc3+ 47. Kg2 Kf5 48. Rc8 Rc1 49. Kf3 Rc4 50. Kg2 Rc3 51. Kh2 g5 52. hxg5 fxg5 53. Kg2 h4 54. f3 Ke5 55. Re8+ Kd4 56. gxh4 gxh4 57. Re4+ Kd3 58. Rxh4 c4 59. f4 Rb3 60. Kf3 c3 61. Rh8 c2 62. Rd8+ Kc3 63. Rc8+ Kd4+ 64. Kg4 Rc3 65. Rd8+ Ke4 66. Re8+ Kd5 67. Rd8+ Ke6 0-1

[Event "Titled Tuesday intern op 28th Feb Late"]
[Site "Chess.com INT"]
[Date "2023.02.28"]
[Round "6"]
[White "Cilek, Bora"]
[Black "Hambleton, Aman"]
[Result "0-1"]
[WhiteElo "2285"]
[BlackElo "2420"]
[PlyCount "112"]
[EventDate "2023.02.28"]
[EventType "swiss (blitz)"]
[EventRounds "11"]
[EventCountry "USA"]
[SourceTitle "CBM 213 Extra"]
[Source "ChessBase"]
[SourceDate "2023.05.31"]
[SourceVersion "1"]
[SourceVersionDate "2023.05.31"]
[SourceQuality "1"]

1. Nf3 b6 2. g3 Bb7 3. Bg2 e6 4. 0-0 Nf6 5. d4 c5 6. c4 cxd4 7. Qxd4 d6 8. Nc3 a6 9. Rd1 Nbd7 10. Ng5 Bxg2 11. Kxg2 Qc7 12. Nge4 Be7 13. Nxd6+ Bxd6 14. Qxd6 Qxd6 15. Rxd6 Ke7 16. Rd2 Rhc8 17. b3 b5 18. Ba3+ Ke8 19. Rad1 bxc4 20. Ne4 Nxe4 21. Rxd7 Nc5 22. Bxc5 Rxc5 23. bxc4 Rxc4 24. Rb7 Rc5 25. Rdd7 Rf5 26. e4 Rf6 27. e5 Rf5 28. g4 Rf4 29. Kg3 g5 30. h4 h6 31. hxg5 hxg5 32. a4 Kf8 33. a5 Rc8 34. Rdc7 Rxc7 35. Rxc7 Ra4 36. Rc5 Kg7 37. f3 Ra2 38. Kh3 Kg6 39. Kg3 Rd2 40. Rc6 Rd5 41. Rxa6 Rxe5 42. Ra8 Kf6 43. a6 Ra5 44. Kf2 Ke5 45. Rf8 f6 46. Ra8 Kf4 47. a7 Ra2+ 48. Ke1 Kxf3 49. Rf8 Rxa7 50. Rxf6+ Kxg4 51. Rxe6 Rf7 52. Ke2 Kg3 53. Rg6 g4 54. Rg8 Kh3 55. Rh8+ Kg2 56. Rg8 g3 0-1

[Event "Titled Tuesday intern op 28th Feb Late"]
[Site "Chess.com INT"]
[Date "2023.02.28"]
[Round "4"]
[White "Cilek, Bora"]
[Black "Holt, Conrad"]
[Result "0-1"]
[WhiteElo "2285"]
[BlackElo "2540"]
[PlyCount "84"]
[EventDate "2023.02.28"]
[EventType "swiss (blitz)"]
[EventRounds "11"]
[EventCountry "USA"]
[SourceTitle "CBM 213 Extra"]
[Source "ChessBase"]
[SourceDate "2023.05.31"]
[SourceVersion "1"]
[SourceVersionDate "2023.05.31"]
[SourceQuality "1"]

1. Nf3 d5 2. g3 Bg4 3. Bg2 Nd7 4. c4 e6 5. cxd5 exd5 6. Qb3 Nc5 7. Qc2 Nf6 8. 0-0 Bd6 9. d3 0-0 10. a3 a5 11. b3 a4 12. Nbd2 Re8 13. b4 Nb3 14. Nxb3 axb3 15. Qxb3 Rxe2 16. Nd4 Re8 17. Nb5 Bf8 18. Bf4 Rc8 19. Na7 Ra8 20. Nb5 Re7 21. h3 Bh5 22. Rfe1 c6 23. Nd4 Bg6 24. g4 Qb6 25. Qc3 Rxe1+ 26. Rxe1 c5 27. bxc5 Bxc5 28. Be3 Rxa3 29. Qc1 h6 30. Nc2 Bxe3 31. Nxe3 Rxd3 32. Qc8+ Kh7 33. Nxd5 Rxd5 34. Bxd5 Qa5 35. Rd1 Nxd5 36. Qxb7 Nf4 37. Qf3 Ne6 38. Rf1 Qg5 39. Qg3 Nf4 40. h4 Ne2+ 41. Kg2 Nxg3 42. hxg5 Nxf1 0-1

[Event "Titled Tuesday intern op 28th Feb Late"]
[Site "Chess.com INT"]
[Date "2023.02.28"]
[Round "3"]
[White "Cilek, Bora"]
[Black "Smith, Garrett L"]
[Result "1-0"]
[WhiteElo "2285"]
[BlackElo "2047"]
[PlyCount "67"]
[EventDate "2023.02.28"]
[EventType "swiss (blitz)"]
[EventRounds "11"]
[EventCountry "USA"]
[SourceTitle "CBM 213 Extra"]
[Source "ChessBase"]
[SourceDate "2023.05.31"]
[SourceVersion "1"]
[SourceVersionDate "2023.05.31"]
[SourceQuality "1"]

1. Nf3 c5 2. c4 Nc6 3. Nc3 e5 4. e3 Nf6 5. d4 cxd4 6. exd4 e4 7. Ne5 Bb4 8. Be2 Qa5 9. 0-0 Nxe5 10. dxe5 Qxe5 11. Bd2 0-0 12. a3 Bd6 13. g3 Qe6 14. b4 a6 15. Rc1 b6 16. Be3 Be5 17. Na4 Rb8 18. Qd2 Rd8 19. Rfd1 d5 20. cxd5 Rxd5 21. Qc2 Bd7 22. Bc4 Rxd1+ 23. Qxd1 Qh3 24. Bf1 Qe6 25. Bxa6 Nd5 26. Bc4 Bc6 27. Nxb6 Nxe3 28. Bxe6 Nxd1 29. Rxc6 fxe6 30. Nd7 Rb5 31. Rxe6 Bf6 32. Rxe4 Nc3 33. Rc4 h5 34. Nxf6+ 1-0

[Event "Titled Tuesday intern op 28th Feb Late"]
[Site "Chess.com INT"]
[Date "2023.02.28"]
[Round "9"]
[White "Cilek, Bora"]
[Black "Wartiovaara, Oliver"]
[Result "0-1"]
[WhiteElo "2285"]
[BlackElo "2253"]
[PlyCount "42"]
[EventDate "2023.02.28"]
[EventType "swiss (blitz)"]
[EventRounds "11"]
[EventCountry "USA"]
[SourceTitle "CBM 213 Extra"]
[Source "ChessBase"]
[SourceDate "2023.05.31"]
[SourceVersion "1"]
[SourceVersionDate "2023.05.31"]
[SourceQuality "1"]

1. e4 c5 2. Nf3 d6 3. g3 Nc6 4. Bg2 g6 5. 0-0 Bg7 6. Re1 e5 7. c3 Nge7 8. d3 0-0 9. a4 h6 10. Na3 Be6 11. Nc4 f5 12. exf5 gxf5 13. Nh4 e4 14. Ne3 d5 15. dxe4 fxe4 16. Qh5 Qe8 17. Qxe8 Raxe8 18. a5 Bf6 19. a6 b6 20. f3 Bxh4 21. gxh4 exf3 0-1

[Event "Titled Tuesday intern op 28th Feb Late"]
[Site "Chess.com INT"]
[Date "2023.02.28"]
[Round "5"]
[White "Dzierzak, Radoslaw"]
[Black "Cilek, Bora"]
[Result "0-1"]
[WhiteElo "2204"]
[BlackElo "2285"]
[PlyCount "94"]
[EventDate "2023.02.28"]
[EventType "swiss (blitz)"]
[EventRounds "11"]
[EventCountry "USA"]
[SourceTitle "CBM 213 Extra"]
[Source "ChessBase"]
[SourceDate "2023.05.31"]
[SourceVersion "1"]
[SourceVersionDate "2023.05.31"]
[SourceQuality "1"]

1. e4 c5 2. Nf3 g6 3. Bc4 Bg7 4. 0-0 Nc6 5. c3 d6 6. h3 Nf6 7. Re1 0-0 8. Bb3 Rb8 9. d4 cxd4 10. cxd4 b5 11. Bf4 Bb7 12. e5 Nh5 13. Bh2 dxe5 14. dxe5 Qxd1 15. Rxd1 Rfd8 16. Nc3 b4 17. Nb5 a6 18. Nbd4 Bh6 19. e6 f5 20. Nxc6 Bxc6 21. Bxb8 Rxb8 22. Ne5 Bb5 23. Bc4 Bxc4 24. Nxc4 Nf4 25. Rd7 Bg5 26. Re1 Rc8 27. b3 Bf6 28. g3 Nxh3+ 29. Kg2 Ng5 30. Red1 Nxe6 31. Nb6 Rc2 32. R1d2 Rc1 33. Nd5 Kf7 34. Nxb4 Nc5 35. Rc7 Nxb3 36. Rxc1 Nxd2 37. Rc7 a5 38. Nc6 a4 39. Ra7 Ke6 40. Rxa4 Kd5 41. Nb4+ Kc4 42. Nc6+ Kb5 43. Ra8 Kxc6 44. Rd8 Ne4 45. a4 Nc5 46. a5 Kb5 47. Rc8 Na6 0-1

[Event "Titled Tuesday intern op 20th Dec Late"]
[Site "Chess.com INT"]
[Date "2022.12.20"]
[Round "2"]
[White "Kravtsiv, Martyn"]
[Black "Cilek, Bora"]
[Result "1-0"]
[WhiteElo "2598"]
[BlackElo "2285"]
[PlyCount "47"]
[EventDate "2022.12.20"]
[EventType "swiss (blitz)"]
[EventRounds "11"]
[EventCountry "USA"]
[SourceTitle "EXT 2024"]
[Source "ChessBase"]
[SourceDate "2023.10.10"]
[SourceVersion "1"]
[SourceVersionDate "2023.10.10"]
[SourceQuality "1"]

1. e4 g6 2. d4 Bg7 3. Nc3 c6 4. f4 d5 5. e5 Nh6 6. Nf3 Bg4 7. Bd3 0-0 8. 0-0 f6 9. h3 Bxf3 10. Rxf3 Nd7 11. e6 Nb6 12. g4 Kh8 13. f5 gxf5 14. gxf5 Ng8 15. Qe1 Bh6 16. Qh4 Bxc1 17. Rxc1 Qd6 18. Kh1 c5 19. Rg1 cxd4 20. Ne2 Nc4 21. Nf4 Ne5 22. Rfg3 Qb4 23. Rg7 h6 24. Rxg8+ 1-0

[Event "EU-ch U18 30th"]
[Site "Antalya"]
[Date "2022.11.12"]
[Round "7"]
[White "Cilek, Bora"]
[Black "Liu, Casper Yukun"]
[Result "1/2-1/2"]
[WhiteElo "2149"]
[BlackElo "2315"]
[PlyCount "58"]
[EventDate "2022.11.06"]
[EventType "swiss"]
[EventRounds "9"]
[EventCountry "TUR"]
[SourceTitle "EXT 2024"]
[Source "ChessBase"]
[SourceDate "2023.10.10"]
[SourceVersion "1"]
[SourceVersionDate "2023.10.10"]
[SourceQuality "1"]

1. Nf3 Nf6 2. g3 c5 3. Bg2 Nc6 4. 0-0 e5 5. d3 d5 6. e4 dxe4 7. dxe4 Qxd1 8. Rxd1 Bg4 9. Re1 Nd4 10. Nxd4 cxd4 11. c3 Bc5 12. b4 Bb6 13. Bb2 Rc8 14. Rc1 Be2 15. h3 Nh5 16. Nd2 dxc3 17. Rxc3 Rxc3 18. Bxc3 f6 19. a4 a6 20. Nf1 0-0 21. a5 Ba7 22. Re1 Rc8 23. Bd2 Bxf1 24. Kxf1 Rc2 25. Re2 Rc4 26. Bf3 g6 27. Re1 Rc2 28. Re2 Rb2 29. Bxh5 gxh5 1/2-1/2

[Event "EU-ch U18 30th"]
[Site "Antalya"]
[Date "2022.11.09"]
[Round "4"]
[White "Kanyamarala, Tarun"]
[Black "Cilek, Bora"]
[Result "1/2-1/2"]
[WhiteElo "2366"]
[BlackElo "2149"]
[PlyCount "84"]
[EventDate "2022.11.06"]
[EventType "swiss"]
[EventRounds "9"]
[EventCountry "TUR"]
[SourceTitle "EXT 2024"]
[Source "ChessBase"]
[SourceDate "2023.10.10"]
[SourceVersion "1"]
[SourceVersionDate "2023.10.10"]
[SourceQuality "1"]

1. d4 Nf6 2. c4 e6 3. Nf3 d5 4. Nc3 Be7 5. Bf4 0-0 6. e3 Nbd7 7. c5 c6 8. h4 b6 9. b4 a5 10. a3 Ba6 11. Bxa6 Rxa6 12. Ne5 Nxe5 13. Bxe5 Nd7 14. Bg3 Qa8 15. 0-0 Qb7 16. Qe2 axb4 17. axb4 Rfa8 18. Rxa6 Rxa6 19. e4 dxe4 20. Nxe4 b5 21. h5 h6 22. Be5 Qa8 23. Qg4 Bf8 24. Nd6 Ra1 25. Qe2 Rxf1+ 26. Qxf1 Qa3 27. Qb1 Qc3 28. Ne4 Qc4 29. Nd2 Qc3 30. Nf3 Qc4 31. Nd2 Qd5 32. Qb3 Be7 33. Qxd5 exd5 34. Nb3 Bf6 35. Bd6 Nf8 36. Kf1 Ne6 37. Be5 Bxe5 38. dxe5 Kf8 39. Ke2 Nf4+ 40. Kd2 Ke7 41. Nd4 Kd7 42. g4 Ne6 1/2-1/2

[Event "EU-ch U18 30th"]
[Site "Antalya"]
[Date "2022.11.08"]
[Round "3"]
[White "Cilek, Bora"]
[Black "Czernek, Tymon"]
[Result "1-0"]
[WhiteElo "2149"]
[BlackElo "2340"]
[PlyCount "95"]
[EventDate "2022.11.06"]
[EventType "swiss"]
[EventRounds "9"]
[EventCountry "TUR"]
[SourceTitle "EXT 2024"]
[Source "ChessBase"]
[SourceDate "2023.10.10"]
[SourceVersion "1"]
[SourceVersionDate "2023.10.10"]
[SourceQuality "1"]

1. Nf3 d5 2. g3 Nf6 3. Bg2 g6 4. 0-0 Bg7 5. d4 0-0 6. c4 c6 7. a4 Be6 8. cxd5 cxd5 9. Nc3 Nc6 10. Ne5 Rc8 11. Nxc6 Rxc6 12. a5 Qd7 13. Bg5 Rc4 14. Bxf6 Bxf6 15. e3 Bg7 16. Qd2 f6 17. Rfc1 Bf7 18. Bf1 Rcc8 19. a6 b6 20. Nb5 e5 21. Rxc8 Rxc8 22. Rc1 Bf8 23. Rc3 e4 24. Qc2 Rxc3 25. Qxc3 Be7 26. Qc7 Qxc7 27. Nxc7 Bd6 28. Nb5 Bb8 29. Nc3 Kf8 30. Bb5 Ke7 31. Bc6 Kd6 32. Bb7 Be6 33. Nb5+ Kd7 34. Nc3 Kd6 35. Kg2 f5 36. Nb5+ Kd7 37. Nc3 Kd6 38. Kf1 Bf7 39. Ke1 Be6 40. Kd1 Bf7 41. Kc2 Be6 42. Kb3 Bf7 43. Na2 Bc7 44. Nb4 b5 45. Bc6 Ba5 46. Bxb5 Kc7 47. Ka4 Kb6 48. Nxd5+ 1-0

[Event "Paracin op-A 15th"]
[Site "Paracin"]
[Date "2022.07.09"]
[Round "3"]
[White "Cilek, Bora"]
[Black "Micic, Aleksa"]
[Result "1-0"]
[WhiteElo "2238"]
[BlackElo "2092"]
[PlyCount "95"]
[EventDate "2022.07.08"]
[EventType "swiss"]
[EventRounds "9"]
[EventCountry "SRB"]
[SourceTitle "EXT 2023"]
[Source "ChessBase"]
[SourceDate "2022.10.05"]
[SourceVersion "1"]
[SourceVersionDate "2022.10.05"]
[SourceQuality "1"]

1. Nf3 Nf6 2. g3 g6 3. Bg2 Bg7 4. 0-0 0-0 5. c4 c6 6. d4 d5 7. cxd5 cxd5 8. Nc3 Ne4 9. Ne5 Bf5 10. Nxe4 dxe4 11. Qb3 Nc6 12. Nxc6 bxc6 13. Rd1 Qd5 14. Bf4 Rfd8 15. e3 Qxb3 16. axb3 c5 17. dxc5 e5 18. Rxd8+ Rxd8 19. g4 Bxg4 20. Bg3 f5 21. h3 Rd1+ 22. Rxd1 Bxd1 23. c6 Bxb3 24. Bf1 Be6 25. Ba6 h6 26. c7 Kf8 27. c8Q+ Bxc8 28. Bxc8 Ke7 29. b3 Kf6 30. Kg2 g5 31. f3 exf3+ 32. Kxf3 e4+ 33. Ke2 Bf8 34. h4 Bb4 35. h5 a5 36. Bc7 Bc3 37. Bd8+ Ke5 38. Bc7+ Kf6 39. Bb6 f4 40. Bd8+ Kf7 41. Bf5 fxe3 42. Kxe3 Ke8 43. Bb6 Ke7 44. Kxe4 Bd2 45. Bd4 Kf7 46. Bg4 Be1 47. Kf5 Bc3 48. Bxc3 1-0

[Event "Wch FIDE Online U16 Europe qual"]
[Site "Tornelo INT"]
[Date "2020.12.09"]
[Round "7"]
[White "Cilek, Bora"]
[Black "Can, Isik"]
[Result "0-1"]
[WhiteElo "2125"]
[BlackElo "1897"]
[PlyCount "94"]
[EventDate "2020.12.07"]
[EventType "swiss (rapid)"]
[EventRounds "7"]
[EventCountry "ISS"]
[SourceTitle "EXT 2022"]
[Source "ChessBase"]
[SourceDate "2021.10.06"]
[SourceVersion "1"]
[SourceVersionDate "2021.10.06"]
[SourceQuality "1"]

1. Nf3 d5 2. c4 c6 3. g3 Nf6 4. Bg2 Bf5 5. 0-0 e6 6. cxd5 exd5 7. d3 Bc5 8. Qb3 Bb6 9. Qa3 Nbd7 10. Nc3 Qe7 11. Qxe7+ Kxe7 12. e4 dxe4 13. dxe4 Be6 14. h3 Rhe8 15. Re1 Nc5 16. Bf1 Rad8 17. e5 Nd5 18. Bg5+ f6 19. exf6+ gxf6 20. Nxd5+ Rxd5 21. Be3 Nd3 22. Re2 Kf7 23. Bxb6 axb6 24. Rd1 Nf4 25. Red2 Rxd2 26. Rxd2 Nxh3+ 27. Kh2 Ng5 28. Nxg5+ fxg5 29. a3 b5 30. Be2 Re7 31. Bf3 g4 32. Be4 h5 33. f4 Bc4 34. Bg2 Ke8 35. Kg1 Re3 36. Kf2 Rb3 37. Be4 b4 38. axb4 Rxb4 39. Bg6+ Bf7 40. Bf5 Rb3 41. Re2+ Kf8 42. Rd2 Bd5 43. Bg6 Rf3+ 44. Ke2 h4 45. gxh4 g3 46. Rxd5 Rf2+ 47. Ke3 cxd5 0-1

[Event "Wch FIDE Online U16 Europe qual"]
[Site "Tornelo INT"]
[Date "2020.12.09"]
[Round "6"]
[White "Guz, Ari"]
[Black "Cilek, Bora"]
[Result "0-1"]
[WhiteElo "1930"]
[BlackElo "2125"]
[PlyCount "96"]
[EventDate "2020.12.07"]
[EventType "swiss (rapid)"]
[EventRounds "7"]
[EventCountry "ISS"]
[SourceTitle "EXT 2022"]
[Source "ChessBase"]
[SourceDate "2021.10.06"]
[SourceVersion "1"]
[SourceVersionDate "2021.10.06"]
[SourceQuality "1"]

1. c4 Nf6 2. Nc3 e6 3. e4 d5 4. e5 d4 5. exf6 dxc3 6. bxc3 Qxf6 7. d4 e5 8. Nf3 exd4 9. cxd4 Bb4+ 10. Bd2 Bxd2+ 11. Qxd2 0-0 12. Be2 c5 13. 0-0 cxd4 14. Qxd4 Qxd4 15. Nxd4 Na6 16. Bf3 Rd8 17. Rfd1 g6 18. Nb5 Rxd1+ 19. Rxd1 Kf8 20. Rd8+ Ke7 21. Rh8 h5 22. g4 h4 23. Rxh4 Rb8 24. Rh8 Be6 25. Rxb8 Nxb8 26. Nxa7 Bxc4 27. a4 Ba6 28. Nc8+ Kd7 29. Nb6+ Kd6 30. h4 Kc5 31. Nd7+ Nxd7 32. Kg2 Ne5 33. Bd1 b6 34. Kg3 Kd4 35. f4 Nd7 36. h5 gxh5 37. gxh5 Nf6 38. Kh4 Nh7 39. Bb3 f6 40. Kg4 Bd3 41. Bg8 Kc5 42. Bf7 Nf8 43. Be8 Kb4 44. h6 Bc2 45. f5 Bxa4 46. Bg6 Bd7 47. h7 Nxg6 48. Kh5 Bxf5 0-1